[Event "8th Pfalz Open 2017"]
[Site "masterchessopen.com Neustadt an der Weinstrasse GER"]
[Date "2017.02.25"]
[Round "2.15"]
[White "Hinrichs,Lars"]
[Black "Annaberdiev,M"]
[Result "0-1"]
[WhiteElo "2174"]
[BlackElo "2435"]

1.e4 e5 2.Nf3 Nc6 3.Bc4 Bc5 4.O-O Nf6 5.d3 d6 6.c3 a6 7.Bb3 Ba7 8.Re1 h6
9.Nbd2 O-O 10.h3 Be6 11.Nf1 Re8 12.Ng3 d5 13.exd5 Bxd5 14.Bc2 Bc5 15.Nh4 Bf8
16.Nhf5 Qd7 17.a4 a5 18.b3 Rad8 19.Ba3 Bxa3 20.Rxa3 Kh8 21.Ra1 Be6 22.Qf3 Bxf5
23.Nxf5 Ng8 24.Qg4 g6 25.Ne3 Qxg4 26.hxg4 Nf6 27.f3 Kg7 28.Kf2 b6 29.g3 Ne7
30.Nc4 Ned5 31.Rxe5 Rxe5 32.Nxe5 Nxc3 33.Ke3 Re8 34.Kd2 Rxe5 35.Kxc3 Re2
36.Rg1 Nd5+ 37.Kd4 Nb4 38.Bb1 g5 39.Kc4 Rf2 {#R} 0-1

[Event "8th Pfalz Open 2017"]
[Site "masterchessopen.com Neustadt an der Weinstrasse GER"]
[Date "2017.02.25"]
[Round "2.19"]
[White "Colpe,M"]
[Black "Koch,Ma"]
[Result "1-0"]
[WhiteElo "2408"]
[BlackElo "2154"]

1.d4 Nf6 2.c4 e6 3.Nf3 d5 4.Nc3 c6 5.Bg5 h6 6.Bh4 dxc4 7.e4 b5 8.e5 g5 9.Bg3
Nd5 10.Be2 Bb7 11.O-O Nd7 12.Nxd5 cxd5 13.Ne1 Qb6 14.Bh5 Rg8 15.f4 gxf4 16.Kh1
Be7 17.Rxf4 O-O-O 18.Rxf7 Rdf8 19.Rxf8+ Rxf8 20.Nf3 a5 21.Qc2 Bg5 22.Qg6 Be3
23.Bg4 {#r} 1-0

[Event "8th Pfalz Open 2017"]
[Site "masterchessopen.com Neustadt an der Weinstrasse GER"]
[Date "2017.02.25"]
[Round "2.20"]
[White "Simenon,J"]
[Black "Krause,Benedict"]
[Result "0-1"]
[WhiteElo "2156"]
[BlackElo "2407"]

1.g3 g6 2.Bg2 Bg7 3.f4 d5 4.Nf3 Nf6 5.O-O O-O 6.d3 c5 7.Qe1 d4 8.a4 Nc6 9.Na3
Nd5 10.Qf2 Bg4 11.h3 Be6 12.Rb1 h6 13.Bd2 Qd7 14.Kh2 Ncb4 15.Nh4 Qxa4 16.f5
Bd7 17.fxg6 fxg6 18.Qg1 Qa6 19.Be4 g5 20.Nf5 Bxf5 21.Bxf5 Rf6 22.c3 dxc3
23.bxc3 Qxa3 24.cxb4 Qa2 25.Qg2 e6 26.e4 Nxb4 27.Bxb4 Qxg2+ 28.Kxg2 cxb4
29.Bg4 a5 30.Rfc1 h5 31.Bxh5 Rh6 32.Bd1 Bc3 33.Ba4 Rf6 34.Rc2 Raf8 35.Rd1 Bd4
36.Rdd2 Rf3 37.Bd7 R3f6 38.e5 Rg6 39.Rc4 Bc3 40.Re2 Rd8 41.Rc7 Kh8 42.Bb5 Rg7
43.Rc5 Bd4 44.Rc4 b3 45.Ba4 b5 46.Bxb5 b2 {#R} 0-1

[Event "8th Pfalz Open 2017"]
[Site "masterchessopen.com Neustadt an der Weinstrasse GER"]
[Date "2017.02.25"]
[Round "2.21"]
[White "Stark,L"]
[Black "Schmider,Niklas"]
[Result "1-0"]
[WhiteElo "2401"]
[BlackElo "2150"]

1.c4 c5 2.g3 Nc6 3.Bg2 g6 4.Nc3 Bg7 5.Nf3 e6 6.d3 Nge7 7.Bg5 h6 8.Bf4 e5 9.Bd2
O-O 10.O-O d6 11.Ne1 Be6 12.Nc2 d5 13.cxd5 Nxd5 14.Ne3 Nde7 15.a3 Qd7 16.Rb1
Rac8 17.Qa4 Rfd8 18.Rfc1 b6 19.Nc4 Nd4 20.Qxd7 Rxd7 21.Be3 Nb3 22.Rd1 Nf5
23.a4 Nfd4 24.Kf1 Rb8 25.Nb5 a6 26.Nxd4 cxd4 27.Bd2 f6 28.f4 b5 29.axb5 axb5
30.Na5 Nxd2+ 31.Rxd2 Rc8 32.Rdd1 Rdc7 33.Bb7 Rb8 34.Bf3 Kh7 35.fxe5 fxe5
36.Kg2 Bf6 37.Rdc1 Rbc8 38.Rc6 Rxc6 39.Nxc6 Bd7 40.Nb4 Bg5 41.Ra1 Be6 42.Ra7+
Kg8 43.Nc6 {#r} 1-0

[Event "8th Pfalz Open 2017"]
[Site "masterchessopen.com Neustadt an der Weinstrasse GER"]
[Date "2017.02.25"]
[Round "3.3"]
[White "Schroeder,Kevin"]
[Black "Deac,Bogdan-Daniel"]
[Result "0-1"]
[WhiteElo "2341"]
[BlackElo "2572"]

1.d4 Nf6 2.Bg5 d5 3.e3 c5 4.Bxf6 gxf6 5.dxc5 e6 6.c4 dxc4 7.Qxd8+ Kxd8 8.Bxc4
Bxc5 9.Nc3 Ke7 10.Nf3 Bd7 11.O-O Rc8 12.Bd3 Bb4 13.Ne4 f5 14.Ned2 Bc6 15.Rfd1
Nd7 16.a3 Bd6 17.Nd4 Bd5 18.Nb1 Nc5 19.Nc3 Bb3 20.Nxb3 Nxb3 21.Rab1 Be5 22.Na4
Rab8 23.Bb5 a6 24.Be2 b5 25.Nc3 Bxc3 26.Rd3 Nd2 27.Rd1 b4 28.bxc3 bxc3 29.g3
Nb3 30.Rd7+ Ke8 31.Bh5 c2 32.Bxf7+ Kf8 33.Bxe6 Nc5 {#R} 0-1

[Event "8th Pfalz Open 2017"]
[Site "masterchessopen.com Neustadt an der Weinstrasse GER"]
[Date "2017.02.25"]
[Round "3.4"]
[White "Kunin,V"]
[Black "Ionescu,D"]
[Result "1-0"]
[WhiteElo "2569"]
[BlackElo "2336"]

1.d4 Nf6 2.c4 e6 3.Nf3 c5 4.d5 d6 5.Nc3 exd5 6.cxd5 g6 7.e4 a6 8.a4 Bg4 9.Be2
Bxf3 10.Bxf3 Nbd7 11.O-O Bg7 12.Bf4 Qe7 13.a5 O-O 14.Re1 Ne8 15.Qd2 Rb8 16.Be2
Nc7 17.Bf1 b5 18.axb6 Rxb6 19.Ra3 Rfb8 20.Nd1 Bd4 21.Qa5 Ne5 22.Rg3 Ne8 23.Be3
Nf6 24.Bxd4 cxd4 25.Qd2 Nh5 26.Ra3 Qf6 27.Kh1 Rb4 28.Bxa6 Ng4 29.h3 Ne5 30.Bf1
Nc4 31.Bxc4 Rxc4 32.Rf3 Qe5 33.b3 Rcb4 34.Nb2 Rxb3 35.Nc4 Qe7 36.Rxb3 Rxb3
37.Qxd4 Nf6 38.Na5 {#r} 1-0

[Event "8th Pfalz Open 2017"]
[Site "masterchessopen.com Neustadt an der Weinstrasse GER"]
[Date "2017.02.25"]
[Round "3.6"]
[White "Karpatchev,A"]
[Black "Jahncke,G"]
[Result "1-0"]
[WhiteElo "2513"]
[BlackElo "2325"]

1.e4 c5 2.Nf3 e6 3.c3 Nf6 4.e5 Nd5 5.d4 cxd4 6.cxd4 d6 7.a3 Nc6 8.Bd3 g6 9.O-O
Bg7 10.Re1 O-O 11.h4 Qb6 12.Nbd2 Nxd4 13.Nc4 Nxf3+ 14.Qxf3 Qd8 15.Bg5 f6
16.exf6 Bxf6 17.Bxf6 Rxf6 18.Qg3 Nf4 19.Rad1 Qc7 20.Nd2 Bd7 21.Ne4 Rff8 22.h5
Nxh5 23.Qxd6 Qxd6 24.Nxd6 Rab8 25.Be4 b6 26.Rc1 Nf6 27.Rc7 a5 28.Bb1 b5 29.Ba2
Kh8 30.Bxe6 Bxe6 31.Rxe6 Ne8 32.Nxe8 Rfxe8 33.Ra6 Re1+ 34.Kh2 Re2 35.Kg3 Rxb2
36.Rxa5 h5 37.f3 Rd2 38.Ra6 Rd3 39.Kh4 Re8 40.Kg5 Rd5+ 41.Kh6 g5 42.Rg6 {#r}
1-0

[Event "8th Pfalz Open 2017"]
[Site "masterchessopen.com Neustadt an der Weinstrasse GER"]
[Date "2017.02.25"]
[Round "3.7"]
[White "Nestorovic,N"]
[Black "Powierski,E"]
[Result "1-0"]
[WhiteElo "2495"]
[BlackElo "2317"]

1.e4 c6 2.d4 d5 3.e5 c5 4.dxc5 e6 5.Nf3 Bxc5 6.a3 Ne7 7.Bd3 h6 8.O-O O-O 9.b4
Bb6 10.Nc3 a5 11.Na4 Bc7 12.b5 Nd7 13.Bb2 b6 14.Bd4 Ng6 15.Qe2 Bb7 16.Qe3 Rb8
17.c3 Ba8 18.Bc2 Qe7 19.g3 Rfc8 20.h4 Bd8 21.Nb2 Nc5 22.Nd2 Qc7 23.h5 Nf8
24.f4 Be7 25.g4 Ne4 26.Nxe4 dxe4 27.g5 hxg5 28.fxg5 Bc5 29.Bxe4 Bxe4 30.Qxe4
Qe7 31.Qg2 Bxa3 32.Nd3 Nd7 33.g6 fxg6 34.Nf4 Nf8 35.hxg6 Bc5 36.Qg4 Bxd4+
37.cxd4 Rc4 38.Rad1 Qe8 39.Nh5 Rc7 40.Rf7 Rbb7 41.Rdf1 Nxg6 42.Nf6+ {#r} 1-0

[Event "8th Pfalz Open 2017"]
[Site "masterchessopen.com Neustadt an der Weinstrasse GER"]
[Date "2017.02.25"]
[Round "3.8"]
[White "Ehmann,Thilo"]
[Black "Dann,M"]
[Result "0-1"]
[WhiteElo "2291"]
[BlackElo "2488"]

1.e4 c5 2.Nf3 d6 3.d4 cxd4 4.Nxd4 Nf6 5.Nc3 a6 6.f3 e6 7.Be3 b5 8.Qd2 Nbd7
9.g4 Nb6 10.Qf2 Nfd7 11.O-O-O Bb7 12.Kb1 Rc8 13.Nce2 Qc7 14.Ng3 d5 15.exd5
Nxd5 16.Bc1 Bc5 17.Qe2 Ne5 18.Ne4 Bxd4 19.Rxd4 Nxf3 20.Rd1 Ne5 21.Bg2 O-O
22.g5 Nc4 23.Bf3 b4 24.Rde1 a5 25.Qg2 Kh8 26.Qg3 Qb6 27.Qh3 Na3+ 28.bxa3 bxa3+
29.Ka1 Qd4+ 30.Kb1 Nc3+ 31.Nxc3 Qb4+ 32.Ka1 Qxc3+ 33.Kb1 Bxf3 {#R} 0-1

[Event "8th Pfalz Open 2017"]
[Site "masterchessopen.com Neustadt an der Weinstrasse GER"]
[Date "2017.02.25"]
[Round "3.10"]
[White "Barath,M"]
[Black "Shevchenko,Kirill"]
[Result "0-1"]
[WhiteElo "2290"]
[BlackElo "2453"]

1.d4 Nf6 2.c4 e6 3.Nc3 Bb4 4.e3 O-O 5.Bd3 d5 6.a3 Bxc3+ 7.bxc3 dxc4 8.Bxc4 c5
9.Ne2 Qc7 10.Bd3 Nc6 11.O-O e5 12.Ng3 Bg4 13.Qc2 h6 14.Ne4 Nxe4 15.Bxe4 Rad8
16.d5 Ne7 17.f3 Bh5 18.c4 Bg6 19.Bb2 Bxe4 20.Qxe4 f6 21.f4 exf4 22.Rxf4 Rde8
23.Raf1 Nc6 24.Qg6 Ne5 25.Bxe5 Qxe5 26.e4 Re7 27.h4 Kh8 28.Kh1 Qd4 29.Qg3 Rfe8
30.Re1 Qxc4 31.d6 Re5 32.d7 Rd8 33.Qg6 Qe6 34.Ref1 Qe7 35.Rxf6 gxf6 36.Qxh6+
Kg8 37.Rxf6 Qh7 38.Rg6+ Kh8 39.Qf4 Qxg6 40.Qxe5+ Qg7 41.Qh5+ Kg8 42.Qe8+ Qf8
43.Qg6+ Kh8 44.Qh5+ Kg7 45.e5 Qf1+ 46.Kh2 Qf4+ 47.g3 Qd2+ 48.Kh3 Rxd7 49.Qg4+
Kf8 50.Qf5+ Ke8 {#R} 0-1

[Event "8th Pfalz Open 2017"]
[Site "masterchessopen.com Neustadt an der Weinstrasse GER"]
[Date "2017.02.25"]
[Round "3.13"]
[White "Annaberdiev,M"]
[Black "Henrich,T"]
[Result "1-0"]
[WhiteElo "2435"]
[BlackElo "2258"]

1.e4 e6 2.d4 d5 3.Nd2 Nc6 4.Ngf3 Nf6 5.e5 Nd7 6.Nb3 Be7 7.c4 dxc4 8.Bxc4 Nb6
9.Be2 Nb4 10.O-O Bd7 11.a3 N4d5 12.Na5 Rb8 13.Bd2 a6 14.b3 O-O 15.Bd3 f5
16.exf6 Bxf6 17.Qc2 h6 18.Rae1 Qe7 19.Nc4 Rbc8 20.Bh7+ Kh8 21.Be4 Be8 22.Nxb6
Nxb6 23.Bb4 c5 24.Bxc5 Qf7 25.Qd2 Nd5 26.Bxf8 Qxf8 27.Bxd5 exd5 28.a4 b5
29.Rc1 Rxc1 30.Rxc1 bxa4 31.bxa4 Bxa4 32.Qa2 Bb5 33.Qxd5 {#r} 1-0

[Event "8th Pfalz Open 2017"]
[Site "masterchessopen.com Neustadt an der Weinstrasse GER"]
[Date "2017.02.25"]
[Round "3.15"]
[White "Yankelevich,L"]
[Black "Becker,Mat2"]
[Result "1-0"]
[WhiteElo "2411"]
[BlackElo "2253"]

1.d4 d6 2.e4 g6 3.Nc3 Bg7 4.Be3 a6 5.f4 b5 6.Bd3 Nd7 7.Nf3 Bb7 8.e5 c5 9.Be4
Bxe4 10.Nxe4 Nh6 11.c3 cxd4 12.cxd4 d5 13.Ned2 Nb6 14.Nb3 Nc4 15.Qe2 e6 16.O-O
Bf8 17.Bf2 Be7 18.Ne1 Nf5 19.Nd3 h5 20.Nbc5 a5 21.a4 b4 22.b3 Na3 23.Ra2 g5
24.fxg5 Bxg5 25.Nb7 Qe7 26.Nd6+ Nxd6 27.exd6 Qxd6 28.Bg3 Qb6 29.Ne5 Ra7 30.Qd3
h4 31.Bf4 Bxf4 32.Rxf4 Rc7 33.h3 Rc3 34.Qd2 Nb1 35.Qf2 Rc1+ 36.Kh2 f5 37.Rxh4
Rg8 38.Rh7 Nc3 39.Qh4 {#r} 1-0

[Event "8th Pfalz Open 2017"]
[Site "masterchessopen.com Neustadt an der Weinstrasse GER"]
[Date "2017.02.25"]
[Round "3.17"]
[White "Krause,Benedict"]
[Black "Krastev,Alexander"]
[Result "1-0"]
[WhiteElo "2407"]
[BlackElo "2057"]

1.e4 e5 2.Nf3 Nc6 3.Bc4 Nf6 4.d3 Be7 5.O-O O-O 6.Re1 d6 7.a4 h6 8.h3 Re8
9.Nbd2 Bf8 10.Nf1 g6 11.a5 a6 12.c3 Be6 13.Ng3 Bg7 14.Bxe6 fxe6 15.d4 exd4
16.cxd4 Kh7 17.Be3 d5 18.e5 Ne4 19.Qc2 Nxg3 20.fxg3 Rc8 21.h4 Rf8 22.h5 Qe8
23.Nh4 Ne7 24.Rf1 Rxf1+ 25.Rxf1 c5 26.hxg6+ Nxg6 27.dxc5 Bxe5 28.Rf8 Qxf8
29.Qxg6+ Kh8 30.Qxe6 Qe8 31.Qxe5+ Qxe5 32.Ng6+ Kg7 33.Nxe5 Kf6 34.Bd4 Kf5
35.Nf7 Rc7 36.Nd6+ Kg4 37.Kh2 h5 38.b4 Rh7 39.b5 axb5 40.Nxb5 h4 41.gxh4 Rxh4+
42.Kg1 Kf5 43.c6 bxc6 44.a6 cxb5 45.a7 Rxd4 46.a8=Q b4 47.Kf2 Ke4 48.Ke2 Rc4
49.Qe8+ Kd4 {#r} 1-0

[Event "8th Pfalz Open 2017"]
[Site "masterchessopen.com Neustadt an der Weinstrasse GER"]
[Date "2017.02.25"]
[Round "3.20"]
[White "Kozul,Z"]
[Black "Barthel,A"]
[Result "1-0"]
[WhiteElo "2616"]
[BlackElo "2184"]

1.d4 Nf6 2.c4 g6 3.Nc3 Bg7 4.e4 d6 5.Nf3 O-O 6.Be2 Bg4 7.Be3 Nfd7 8.Rc1 e5
9.d5 Bxf3 10.Bxf3 f5 11.h4 Nf6 12.h5 Nbd7 13.hxg6 hxg6 14.Bg5 Nc5 15.b4 Ncxe4
16.Bxe4 fxe4 17.Qe2 Qd7 18.Bxf6 Bxf6 19.Nxe4 Kg7 20.Rc3 Rh8 21.Rch3 Be7 22.f3
Qa4 23.Qd2 a5 24.Rxh8 Rxh8 25.Rxh8 Kxh8 26.Qh6+ Kg8 27.Qxg6+ Kf8 28.Qf5+ Kg7
29.Qg4+ Kh7 30.b5 Bf8 31.Ng5+ Kh6 32.Ne6 {#r} 1-0

[Event "8th Pfalz Open 2017"]
[Site "masterchessopen.com Neustadt an der Weinstrasse GER"]
[Date "2017.02.25"]
[Round "3.21"]
[White "Fridman,D"]
[Black "Koellner,Ruben Gideon"]
[Result "1-0"]
[WhiteElo "2594"]
[BlackElo "2165"]

1.d4 d6 2.Nf3 Nf6 3.c4 Nbd7 4.Nc3 e5 5.Bg5 Be7 6.e3 O-O 7.Bd3 c6 8.O-O Qc7
9.Qc2 Re8 10.Bh4 Nf8 11.h3 Nh5 12.Bxe7 Qxe7 13.Rfe1 g6 14.Rad1 Nf6 15.Bf1 e4
16.Nd2 d5 17.Rc1 Be6 18.cxd5 cxd5 19.Nb3 Rac8 20.Nc5 b6 21.Nxe6 fxe6 22.Ba6
Rcd8 23.Qa4 N8d7 24.Nb5 Nb8 25.Rc7 Rd7 26.Rxd7 Qxd7 27.Rc1 Qg7 28.Rc7 Re7
29.Rc8+ Re8 30.Nxa7 Rxc8 31.Bxc8 Qe7 32.Nc6 Qe8 33.Bxe6+ Kh8 34.Qa8 Nxc6
35.Qxe8+ Nxe8 36.Bd7 {#r} 1-0

[Event "8th Pfalz Open 2017"]
[Site "masterchessopen.com Neustadt an der Weinstrasse GER"]
[Date "2017.02.25"]
[Round "3.22"]
[White "Paris,M"]
[Black "Milanovic,Da"]
[Result "0-1"]
[WhiteElo "2159"]
[BlackElo "2502"]

1.d4 Nf6 2.Nf3 c5 3.e3 g6 4.c3 Qc7 5.Be2 Bg7 6.O-O O-O 7.c4 cxd4 8.Nxd4 a6
9.Nc3 d6 10.e4 e6 11.Be3 b6 12.Rc1 Bb7 13.f3 Nbd7 14.Qe1 Rac8 15.Qf2 Rfe8
16.Rfd1 Qb8 17.b4 d5 18.cxd5 exd5 19.exd5 Qe5 20.Ne4 Nxe4 21.fxe4 Qxe4 22.Rxc8
Bxc8 {#R} 0-1

[Event "8th Pfalz Open 2017"]
[Site "masterchessopen.com Neustadt an der Weinstrasse GER"]
[Date "2017.02.25"]
[Round "3.23"]
[White "Noe,C"]
[Black "Feil,S"]
[Result "1-0"]
[WhiteElo "2429"]
[BlackElo "2150"]

1.d4 Nf6 2.c4 g6 3.f3 Bg7 4.e4 d6 5.Be3 c6 6.Nc3 a6 7.c5 b5 8.cxb6 Qxb6 9.Qd2
Bd7 10.Bc4 Qb4 11.Bd3 O-O 12.Nge2 a5 13.O-O Na6 14.Rfc1 Rfd8 15.Nf4 c5 16.a3
Qb3 17.Bxa6 cxd4 18.Bxd4 Rxa6 19.Nfd5 e5 20.Nxf6+ Bxf6 21.Nd5 exd4 22.Nxf6+
Kg7 23.Nd5 d3 24.Rc3 Qa4 25.Qxd3 Rc6 26.b3 {#r} 1-0

[Event "8th Pfalz Open 2017"]
[Site "masterchessopen.com Neustadt an der Weinstrasse GER"]
[Date "2017.02.25"]
[Round "3.24"]
[White "Jones,Steven A"]
[Black "Saraci,Nderim"]
[Result "1-0"]
[WhiteElo "2157"]
[BlackElo "2400"]

1.e4 c5 2.Nf3 g6 3.d4 cxd4 4.Nxd4 Bg7 5.Nc3 Nc6 6.Be3 Nf6 7.Bc4 O-O 8.Bb3 Na5
9.e5 Ne8 10.Bxf7+ Kxf7 11.Ne6 dxe6 12.Qxd8 Nc6 13.Qd2 Bxe5 14.O-O-O Nd6 15.h4
b5 16.Qe2 Bd7 17.h5 g5 18.Bxg5 Rac8 19.Ne4 Nb4 20.c3 Nd5 21.Bh6 Rg8 22.Ng5+
Rxg5 23.Bxg5 Nc4 24.Qf3+ Ke8 25.Rxd5 {#r} 1-0

[Event "8th Pfalz Open 2017"]
[Site "masterchessopen.com Neustadt an der Weinstrasse GER"]
[Date "2017.02.25"]
[Round "3.25"]
[White "Meinhardt,Ma"]
[Black "Hebbering,Tom Elliot"]
[Result "1-0"]
[WhiteElo "2378"]
[BlackElo "2142"]

1.e4 e5 2.Nf3 Nc6 3.d4 exd4 4.Nxd4 Nf6 5.Nxc6 bxc6 6.e5 Qe7 7.Qe2 Nd5 8.h4 Bb7
9.c4 Nb6 10.Nc3 Qe6 11.Rh3 Be7 12.Bg5 O-O-O 13.O-O-O Bxg5+ 14.hxg5 h6 15.Rg3
hxg5 16.Rxg5 Qh6 17.f4 f6 18.exf6 gxf6 19.Rf5 Rhe8 20.Qg4 Rg8 21.Qh3 Qxh3
22.gxh3 Rg6 23.h4 d6 24.Rh5 c5 25.Rh7 Rdg8 26.Bd3 R6g7 27.Rxg7 Rxg7 28.h5 Rg2
29.h6 Rh2 30.h7 Nxc4 31.Rg1 Nxb2 32.Bf5+ {#r} 1-0

[Event "ch-CHI 2017"]
[Site "masterchessopen.com Santiago CHI"]
[Date "2017.02.25"]
[Round "9.1"]
[White "Aguirre Contreras,Cristian"]
[Black "Gutierrez Montes,Sebastian"]
[Result "1-0"]
[WhiteElo "2254"]
[BlackElo "2166"]

1.e4 c5 2.c3 Nf6 3.e5 Nd5 4.d4 cxd4 5.Nf3 d6 6.cxd4 Nc6 7.Bc4 dxe5 8.dxe5 Nb6
9.Qxd8+ Nxd8 10.Bb3 Be6 11.Nbd2 Bxb3 12.Nxb3 g6 13.O-O Bg7 14.Nbd4 O-O 15.Re1
Rc8 16.b3 Nc6 17.Bb2 Rfd8 18.Rad1 Rd5 19.Nxc6 Rxc6 20.Rxd5 Nxd5 21.Nd4 Rc8
22.a3 a6 23.g3 e6 24.f4 Bf8 25.Kf1 Bc5 26.Rc1 Rc7 27.Nf3 Bb6 28.Rxc7 Bxc7
29.Ke2 h6 30.Kd3 Kf8 31.Bd4 Ke8 32.Nd2 Bd8 33.Ne4 Be7 34.Bc5 b6 35.Bd6 Kd7
36.Kd4 f5 37.Bxe7 Nxe7 38.Nf6+ Kc7 39.h4 h5 40.Kc4 Kb7 41.Nh7 Nd5 42.Kd3 Kc6
43.Nf8 Nc7 44.Nxg6 Kd7 45.Nf8+ Ke7 46.Nh7 Nb5 47.a4 Nc7 48.Nf6 {#r} 1-0

[Event "ch-CHI 2017"]
[Site "masterchessopen.com Santiago CHI"]
[Date "2017.02.25"]
[Round "9.3"]
[White "Hernandez Riera,J"]
[Black "Perez Gormaz,M"]
[Result "1-0"]
[WhiteElo "2204"]
[BlackElo "2407"]

1.Nf3 g6 2.g3 Bg7 3.d4 c5 4.Bg2 cxd4 5.Nxd4 Nc6 6.Nxc6 bxc6 7.O-O Rb8 8.c3 d5
9.Qa4 Qd7 10.Nd2 e5 11.Nb3 Ne7 12.Be3 Ra8 13.Bc5 h5 14.e4 f5 15.Bxe7 Kxe7
16.exd5 cxd5 17.Qa5 Rd8 18.Rad1 e4 19.f3 Qd6 20.fxe4 Qb6+ 21.Kh1 dxe4 22.Qa3+
Ke8 23.Nc5 Bb7 24.Qa4+ Ke7 25.Rd7+ Kf8 26.Qc4 {#r} 1-0

[Event "ch-CHI 2017"]
[Site "masterchessopen.com Santiago CHI"]
[Date "2017.02.25"]
[Round "9.4"]
[White "Valenzuela Gomez,F"]
[Black "Olivares Olivares,C"]
[Result "1-0"]
[WhiteElo "2359"]
[BlackElo "2320"]

1.d4 Nf6 2.c4 c5 3.d5 e6 4.Nc3 exd5 5.cxd5 d6 6.e4 g6 7.f4 Bg7 8.Bb5+ Nfd7
9.Nf3 O-O 10.O-O a6 11.Bd3 b5 12.Kh1 b4 13.Na4 Nb6 14.Nxb6 Qxb6 15.Nd2 Nd7
16.Nc4 Qc7 17.f5 Re8 18.Bg5 Ne5 19.f6 Bf8 20.Nxe5 dxe5 21.Qd2 Bd7 22.Rac1 a5
23.Be3 Rec8 24.h4 Bg4 25.Bh6 Bd6 26.Bg7 Qd7 27.Qh6 Bh5 28.Rf5 Bg4 {#r} 1-0

[Event "ch-CHI 2017"]
[Site "masterchessopen.com Santiago CHI"]
[Date "2017.02.25"]
[Round "9.6"]
[White "Hurtado Bahamonde,R"]
[Black "Sanchez Sandoval,Gonzalo"]
[Result "0-1"]
[WhiteElo "2167"]
[BlackElo "2256"]

1.e4 c5 2.Nf3 d6 3.d4 cxd4 4.Nxd4 Nf6 5.Nc3 Nc6 6.Bc4 Bd7 7.Bg5 Qa5 8.Bxf6
gxf6 9.Nxc6 bxc6 10.O-O Rg8 11.Kh1 Qg5 12.Rg1 Rg6 13.Qd3 Rh6 14.h3 Qf4 15.Raf1
f5 16.Nd5 fxe4 17.Nxf4 exd3 18.Nxd3 e5 19.Bb3 f5 20.Re1 O-O-O 21.c4 Bg7 22.f3
c5 23.Bc2 a5 24.b3 Rg8 25.Kh2 Bf6 26.Nf2 Bh4 27.g3 Bg5 28.g4 Bf4+ 29.Kg2 e4
30.fxe4 fxg4 31.Nxg4 Bxg4 32.hxg4 Rh2+ 33.Kf3 Rf8 34.Bd3 Be5+ {#R} 0-1

[Event "ch-UKR Girls U20 2017"]
[Site "masterchessopen.com Lviv UKR"]
[Date "2017.02.25"]
[Round "6.2"]
[White "Martynkova,Olena"]
[Black "Berdnyk,Mariia"]
[Result "1-0"]
[WhiteElo "2202"]
[BlackElo "2190"]

1.Nf3 Nf6 2.g3 e6 3.Bg2 d5 4.O-O c5 5.d4 Nc6 6.b3 Bd6 7.Bb2 cxd4 8.Nxd4 Nxd4
9.Qxd4 e5 10.Qd2 Be6 11.Rd1 Qe7 12.c4 d4 13.e3 Bb4 14.Qe2 dxe3 15.Qxe3 Ng4
16.Qe2 Bc5 17.Rf1 f6 18.Nc3 O-O 19.Nd5 Qf7 20.b4 Bd6 21.Rad1 Rfd8 22.Bc1 f5
23.Bg5 Qh5 24.Bh4 g5 25.f3 gxh4 26.fxg4 Qh6 27.c5 hxg3 28.hxg3 Bf8 29.gxf5 Bf7
30.Qxe5 Bg7 31.f6 Bf8 32.Ne7+ Kh8 33.Bxb7 Rab8 34.c6 Rd2 35.Rxd2 Qxd2 36.c7
Re8 37.c8=Q Rxc8 38.Bxc8 {#r} 1-0

[Event "TCh-CZE Extraliga 2016-17"]
[Site "masterchessopen.com Czech Republic CZE"]
[Date "2017.02.25"]
[Round "7.1"]
[White "Murdzia,P"]
[Black "Bernasek,J"]
[Result "1-0"]
[WhiteElo "2422"]
[BlackElo "2507"]

1.e4 c5 2.Nf3 e6 3.d4 cxd4 4.Nxd4 Nc6 5.Nc3 a6 6.g3 Nge7 7.Nb3 b5 8.Bg2 d6
9.O-O Bb7 10.Re1 Nc8 11.a4 b4 12.Nd5 g6 13.Nd4 N8a7 14.Be3 exd5 15.exd5 Ne7
16.Nc6 Bxc6 17.dxc6 Qc7 18.Qd4 Rg8 19.Qb6 Qxb6 20.Bxb6 Nc8 21.a5 Bh6 22.Rad1
Kf8 23.c7 Ra7 24.Bxa7 Nxa7 25.Rxd6 Nac8 26.Rd8+ Kg7 27.Bb7 b3 28.cxb3 Rf8
29.Bxc8 Nxc8 30.Ree8 Rxe8 31.Rxe8 Bd2 32.Rxc8 Bxa5 33.Rg8+ {#r} 1-0

[Event "TCh-CZE Extraliga 2016-17"]
[Site "masterchessopen.com Czech Republic CZE"]
[Date "2017.02.25"]
[Round "7.6"]
[White "Skliba,M"]
[Black "Repka,C"]
[Result "0-1"]
[WhiteElo "2252"]
[BlackElo "2473"]

1.d4 Nf6 2.c4 e6 3.Nc3 Bb4 4.e3 b6 5.Ne2 Bb7 6.a3 Bd6 7.d5 a5 8.g3 Na6 9.Bg2
Nc5 10.b3 exd5 11.Nxd5 Nxd5 12.Bxd5 Bxd5 13.cxd5 Qf6 14.Ra2 h5 15.h4 Qf5
16.O-O g5 17.e4 Nxe4 18.Bxg5 Nxg5 19.hxg5 h4 20.Qd4 O-O-O 21.f4 Bc5 {#R} 0-1

[Event "Aeroflot Open A 2017"]
[Site "masterchessopen.com Moscow RUS"]
[Date "2017.02.26"]
[Round "6.1"]
[White "Fedoseev,Vl3"]
[Black "Najer,E"]
[Result "1-0"]
[WhiteElo "2658"]
[BlackElo "2659"]

1.d4 d5 2.c4 c6 3.Nf3 Nf6 4.e3 Bg4 5.h3 Bh5 6.Nc3 e6 7.Qb3 Qb6 8.Nh4 Be7 9.g4
Bg6 10.Nxg6 hxg6 11.Be2 Nbd7 12.Bd2 g5 13.O-O-O Qxb3 14.axb3 O-O-O 15.f3 Ne8
16.Kc2 Nc7 17.Ra1 a6 18.Nd1 c5 19.dxc5 Bxc5 20.Nf2 Ne5 21.Nd3 Nxd3 22.Bxd3 Rh4
23.Bf1 dxc4 24.bxc4 e5 25.Bd3 Rdh8 26.b4 Bd6 27.Bf1 e4 28.Be1 exf3 29.Bxh4
gxh4 30.c5 Bg3 31.Bc4 Re8 32.Kd3 Ne6 33.Bd5 f2 34.c6 b6 35.Bxe6+ Rxe6 36.Rhc1
Kc7 37.b5 a5 38.Ke2 Re5 39.Rab1 Re7 40.Rc4 Bd6 41.Kxf2 Bc5 42.Rb3 f6 43.Kf3
Bd6 44.Rd3 Be5 45.Rc2 Bd6 46.Rcd2 Re6 47.Rd4 g6 48.e4 {#r} 1-0

[Event "Aeroflot Open A 2017"]
[Site "masterchessopen.com Moscow RUS"]
[Date "2017.02.26"]
[Round "6.8"]
[White "Yu Yangyi"]
[Black "Narayanan,SL"]
[Result "1-0"]
[WhiteElo "2738"]
[BlackElo "2524"]

1.d4 Nf6 2.c4 e6 3.Nc3 Bb4 4.Nf3 d6 5.Qc2 Nbd7 6.a3 Bxc3+ 7.Qxc3 b6 8.e3 Bb7
9.Be2 O-O 10.O-O Ne4 11.Qc2 f5 12.b4 Rf6 13.d5 Rh6 14.dxe6 Ne5 15.Nxe5 dxe5
16.Bb2 Qg5 17.Bxe5 Nd2 18.Bg3 Nxf1 19.Bxf1 Rxe6 20.Bxc7 Rc8 21.Bg3 Qf6 22.Rd1
g5 23.Rd7 Be4 24.Qd2 Re7 25.Rd4 Bc6 26.c5 b5 27.h4 h6 28.Rd6 Re6 29.Qa2 Kf7
30.Rxc6 Rxc6 31.Bxb5 Rc8 32.Bc4 Re8 33.Bd6 Kg6 34.Bxe6 Rxe6 35.b5 Re8 36.Qd5
Qa1+ 37.Kh2 Qxa3 38.h5+ Kf6 39.b6 axb6 40.cxb6 Qb2 41.b7 Qxf2 42.Qd4+ Kf7
43.b8=Q Rxb8 44.Bxb8 f4 45.Qd5+ Kf6 46.Qe5+ Kf7 47.Qf5+ Ke7 48.exf4 {#r} 1-0

[Event "Aeroflot Open A 2017"]
[Site "masterchessopen.com Moscow RUS"]
[Date "2017.02.26"]
[Round "6.9"]
[White "Jobava,Ba"]
[Black "Kobalia,M"]
[Result "1-0"]
[WhiteElo "2701"]
[BlackElo "2628"]

1.d4 f5 2.b3 Nf6 3.Bb2 g6 4.Nc3 Bg7 5.f3 d6 6.e3 O-O 7.Qd2 e5 8.dxe5 dxe5
9.Bc4+ Kh8 10.Qxd8 Rxd8 11.Nh3 Re8 12.Ng5 h6 13.h4 Na6 14.O-O-O Nh5 15.Bf7 Rf8
16.Nd5 Ng3 17.Ne7 Bf6 18.Nxg6+ Kg7 19.Nxf8 Kxf8 20.Bc4 Nxh1 21.Nh7+ Kg7
22.Nxf6 Kxf6 23.Rxh1 Be6 24.Be2 Rg8 25.g4 Nb4 26.g5+ hxg5 27.hxg5+ Rxg5
28.Bxe5+ Kg6 29.f4 Bd5 30.Rh3 Rg1+ 31.Kb2 Rh1 32.Rxh1 Bxh1 33.Bxc7 Be4 34.Ba5
Nc6 35.Bc3 Kf7 36.Bd4 Ke6 37.c4 {#r} 1-0

[Event "Aeroflot Open A 2017"]
[Site "masterchessopen.com Moscow RUS"]
[Date "2017.02.26"]
[Round "6.16"]
[White "Kulaots,K"]
[Black "Artemiev,V"]
[Result "0-1"]
[WhiteElo "2590"]
[BlackElo "2655"]

1.e4 c5 2.Nf3 d6 3.d4 cxd4 4.Nxd4 Nf6 5.Nc3 a6 6.h3 e6 7.g4 h6 8.Bg2 Be7 9.f4
Nc6 10.Be3 Nd7 11.O-O O-O 12.Nce2 Nxd4 13.Nxd4 e5 14.Nf5 exf4 15.Bxf4 Ne5
16.Qd4 Bxf5 17.exf5 Rc8 18.c3 Nc4 19.b3 Bf6 20.Qd5 Qb6+ 21.Kh1 Ne3 22.Qxb7 Qc5
23.Rfc1 Nxg2 24.Qxg2 Bxc3 25.Rab1 Rfe8 26.Rc2 Qb4 27.Qf3 Be5 28.Bd2 Qd4
29.Rbc1 Rxc2 30.Rxc2 Bf6 31.Kg2 Kh7 32.Bf4 Re1 33.Rf2 Qa1 34.Bg3 Rh1 35.Rf1
Rxf1 36.Qxf1 Qxa2+ 37.Qf2 Qxb3 38.Qd2 d5 39.h4 Qb2 {#R} 0-1